Mario Kart - Tous les Personnages [avec image] - Statistiques

Statistiques générales
  • Ce quiz a été pris 1 280 fois
    698 depuis la dernière actualisation
  • Le résultat moyen est 43 sur 91
Statistiques - réponses
Par images Réponse % Correct
Mario
100%
Luigi
99%
Princesse Peach
99%
Bowser
98%
Yoshi
98%
Toad
97%
Wario
96%
Donkey Kong
95%
Princesse Daisy
93%
Toadette
92%
Waluigi
92%
Bébé Luigi
91%
Bébé Mario
91%
Bébé Peach
87%
Koopa Troopa
86%
Bébé Daisy
85%
Harmonie
84%
Roi Boo
82%
Bowser Jr.
81%
Mii
79%
Diddy Kong
77%
Pac-Man
76%
Bébé Harmonie
75%
Link
70%
Maskass
70%
Birdo
66%
Mario d'or
62%
Skelerex
61%
Lakitu
60%
Marie
59%
Goomba
56%
Peach Chat
56%
Mario de Métal
54%
Villageois
51%
Mario Tanuki
50%
R.O.B.
49%
Villageoise
49%
Funky Kong
47%
Larry Koopa
47%
Pauline
46%
Kamek
45%
Plante Piranha
45%
Bowser Skelet
44%
Vache
44%
Wiggler
44%
Reine des Abeilles
40%
Paratroopa
39%
Peach d'or rose
39%
Frère Marto
38%
Morton Koopa Jr.
38%
Lemmy Koopa
37%
Ludwig von Koopa
37%
Iggy Koopa
36%
Roy Koopa
36%
Wendy O. Koopa
34%
Capitaine Toad
32%
Carottin
32%
Fille Inkling
32%
Garçon Inkling
32%
Pingouin
32%
Bonhomme de neige
31%
Peachette
31%
Roi Bob-Omb
31%
Topi Taupe
31%
Cheep-Cheep
30%
Dauphin
29%
Flora Piranha
29%
Donkey Kong Jr.
26%
Spike
25%
Frère Boomerang
20%
Dixie Kong
19%
Frère Pyro
19%
Ms. Pac-Man
18%
Frère Cryo
13%
Pianta
13%
Pokey
13%
Poochy
13%
Bill Dozer
11%
Butitine
11%
Catacouac
11%
Swooper
10%
Blinky
9%
Crapognon
9%
Ossec
9%
Paracoccinelly
9%
Torti Taupe
9%
Paltrak
8%
Pico Condor
8%
Zarbipas
8%
Don-Chan
7%
Mametchi
4%
Aucun quiz correspondant
Distribution des résultats
% des personnes avec chaque résultat
Percentile par nombre de réponses
Votre historique - résultats
Vous n’avez pas pris ce quiz depuis la dernière actualisation